000 00369nam a22001337a 4500
020 _a81-7008-263-X
082 _a600
_bSAX/C
100 _aSP SAXENA, DHEERAJ SAXENA
245 _aCOMPREHENSIVE PRACTICAL SCIENCE AND TECHNOLOGY
_bCLASS IX
260 _aDELHI
_bLAXMI PUBLICATIONS
_c2003
300 _a172
650 _aSCIENCE AND TECHNOLOGY FOR CLASS IX
_zINDIA
942 _cBK
999 _c914
_d914